[Event "Pilsen Open 2015"]
[Site "Pilsen CZE"]
[Date "2015.11.28"]
[Round "7.10"]
[White "Samarin, Leonid"]
[Black "Prachar, Josef"]
[Result "1/2-1/2"]
[WhiteElo "1743"]
[BlackElo "1940"]
[PlyCount "83"]
[EventDate "2015.11.22"]
[EventType "swiss"]
[EventRounds "7"]
[EventCountry "CZE"]
[Source "lmi"]
[SourceDate "2015.11.22"]

1. d4 Nf6 2. Bg5 Ne4 3. Bh4 c5 4. f3 g5 5. fxe4 gxh4 6. c3 Qb6 7. Qb3 Bh6 8.
Nd2 Qg6 9. Qd5 cxd4 10. Qxd4 O-O 11. Ngf3 Nc6 12. Qf2 d6 13. Qxh4 Bg7 14. Qg5
Bd7 15. Qxg6 fxg6 16. O-O-O a5 17. e3 Be6 18. a3 Bh6 19. Re1 Rab8 20. a4 Kh8
21. Bd3 Rfc8 22. Nd4 Ne5 23. Bb5 Bg8 24. h3 Nc4 25. Nxc4 Bxc4 26. b3 Bg8 27. c4
Rf8 28. Nf3 Rbc8 29. Kd2 Rc5 30. Rhf1 Bg7 31. Nd4 Rxf1 32. Rxf1 Re5 33. Kd3 Bf6
34. Bd7 h5 35. g4 h4 36. Bc8 b6 37. Bb7 Rc5 38. Bd5 Rc8 39. Ne6 Bxe6 40. Bxe6
Rc5 41. Bd5 Rc8 42. Rf3 1/2-1/2

[Event "Pilsen Open 2015"]
[Site "Pilsen CZE"]
[Date "2015.11.28"]
[Round "7.11"]
[White "Spreer, Lutz"]
[Black "Soutner, Jaroslav"]
[Result "0-1"]
[WhiteElo "1573"]
[BlackElo "1777"]
[PlyCount "54"]
[EventDate "2015.11.22"]
[EventType "swiss"]
[EventRounds "7"]
[EventCountry "CZE"]
[Source "lmi"]
[SourceDate "2015.11.22"]

1. e4 e5 2. Nf3 Nc6 3. Bc4 Nf6 4. d4 exd4 5. O-O Nxe4 6. Re1 d5 7. Ng5 Be7 8.
Rxe4 dxc4 9. Qh5 Qd5 10. Qh4 Bf5 11. Re1 O-O-O 12. Qf4 Bxg5 13. Qxg5 Bxc2 14.
Na3 Bd3 15. Qg3 f6 16. b3 g5 17. Qh3+ Kb8 18. bxc4 Bxc4 19. Bb2 Ne5 20. Red1 d3
21. Qf5 Rd6 22. Bxe5 fxe5 23. Qxg5 Rg6 24. Rxd3 Bxd3 25. f4 Rxg5 26. fxg5 Qc5+
27. Kh1 Qxa3 0-1